El graffiti en México : (Registro nro. 64263)
[ vista simple ]
| 000 -LEADER | |
|---|---|
| fixed length control field | 00656cab a2200205 a 4500 |
| 008 - FIXED-LENGTH DATA ELEMENTS--GENERAL INFORMATION | |
| fixed length control field | 041020s2002 mx 000 0 spa u |
| 020 ## - INTERNATIONAL STANDARD BOOK NUMBER | |
| International Standard Book Number | 9688452513 |
| 050 00 - LIBRARY OF CONGRESS CALL NUMBER | |
| Classification number | GT3913 .128 |
| Item number | A52 2002 |
| 100 1# - MAIN ENTRY--PERSONAL NAME | |
| Personal name | Anaya Cortés, Ricardo |
| 245 13 - TITLE STATEMENT | |
| Title | El graffiti en México : |
| Remainder of title | ¿arte o desastre? / |
| Statement of responsibility, etc | Ricardo Anaya Cortés. |
| 250 ## - EDITION STATEMENT | |
| Edition statement | 1a ed. |
| 260 ## - PUBLICATION, DISTRIBUTION, ETC. (IMPRINT) | |
| Place of publication, distribution, etc | México : |
| Name of publisher, distributor, etc | Universidad Autónoma de Queretaro, |
| Date of publication, distribution, etc | 2002. |
| 300 ## - PHYSICAL DESCRIPTION | |
| Extent | 226 p. ; |
| Dimensions | 21 cm. |
| 440 #0 - SERIES STATEMENT/ADDED ENTRY--TITLE | |
| Title | Humanidades |
| 500 ## - GENERAL NOTE | |
| General note | En la cubierta: Prólogo de Carlos Monsiváis |
| 506 ## - RESTRICTIONS ON ACCESS NOTE | |
| Terms governing access | Donado por el Dr. Gerado Sánchez Diaz |
| 650 #0 - SUBJECT ADDED ENTRY--TOPICAL TERM | |
| Topical term or geographic name as entry element | Graffiti |
| Geographic subdivision | México |
| 942 ## - ADDED ENTRY ELEMENTS (KOHA) | |
| Source of classification or shelving scheme | Biblioteca del Cogreso de los Estados Unidos |
| Koha item type | Libro |
| Estado de pérdida | Fuente de clasificación | Estado del daño | No para préstamo | Ubicación permanente | Ubicación actual | Apartado o colección | Fecha de adquisición | Fuente de adquisición | Edición | Dependencia de educación superior (DES) | Área del conocimiento | Clasificación | Código de Barras | Date last seen | Número de copia | Tipo de recurso |
|---|---|---|---|---|---|---|---|---|---|---|---|---|---|---|---|---|
| Biblioteca del Cogreso de los Estados Unidos | Biblioteca del Instituto de Investigaciones Históricas | Biblioteca del Instituto de Investigaciones Históricas | General | 14/08/2018 | Donación | 1a ed. | Humanidades | Ciencias Naturales y Exactas | GT3913 .128 A52 2002 | IIH000024147 | 14/08/2018 | C:1 | Libro |